<?xml version="1.0" encoding="UTF-8"?>
<record
    xmlns:xsi="http://www.w3.org/2001/XMLSchema-instance"
    xsi:schemaLocation="http://www.loc.gov/MARC21/slim http://www.loc.gov/standards/marcxml/schema/MARC21slim.xsd"
    xmlns="http://www.loc.gov/MARC21/slim">

  <leader>01171nam a2200181Ia 4500</leader>
  <controlfield tag="008">151202s9999||||xx |||||||||||||| ||und||</controlfield>
  <datafield tag="082" ind1=" " ind2=" ">
    <subfield code="b">PNVM-124808</subfield>
  </datafield>
  <datafield tag="100" ind1=" " ind2=" ">
    <subfield code="a">&#x930;&#x947;&#x917;&#x947; &#x921;&#x940; &#x921;&#x940; ( &#x91A;&#x93F;&#x924;&#x94D;&#x930;&#x915;&#x93E;&#x930; )</subfield>
  </datafield>
  <datafield tag="245" ind1=" " ind2=" ">
    <subfield code="a">&#x938;&#x902;&#x924;&#x936;&#x94D;&#x930;&#x947;&#x937;&#x94D;&#x920; &#x917;&#x94B;&#x935;&#x93F;&#x902;&#x926; ( &#x921;&#x949; &#x917;&#x94B;&#x935;&#x93F;&#x902;&#x926; &#x930;&#x93E;&#x92E;&#x91A;&#x902;&#x926;&#x94D;&#x930; &#x909;&#x92A;&#x933;&#x947;&#x915;&#x930; &#x92B;&#x932;&#x91F;&#x923; ) &#x91C;&#x940;&#x935;&#x928;&#x91A;&#x930;&#x93F;&#x924;&#x94D;&#x930; </subfield>
  </datafield>
  <datafield tag="260" ind1=" " ind2=" ">
    <subfield code="b">&#x92A; &#x92A;&#x942; &#x917;&#x94B;&#x935;&#x93F;&#x902;&#x926;&#x92E;&#x939;&#x93E;&#x930;&#x93E;&#x91C; &#x909;&#x92A;&#x933;&#x947;&#x915;&#x930; &#x938;&#x92E;&#x93E;&#x927;&#x93F; &#x92E;&#x902;&#x926;&#x93F;&#x930; &#x938;&#x902;&#x938;&#x94D;&#x925;&#x93E; &#x92B;&#x932;&#x91F;&#x923; ( &#x91C;&#x93F; &#x938;&#x93E;&#x924;&#x93E;&#x930;&#x93E; ) &#x96A;&#x967;&#x96B; &#x96B;&#x968;&#x969; </subfield>
  </datafield>
  <datafield tag="260" ind1=" " ind2=" ">
    <subfield code="c">1974</subfield>
  </datafield>
  <datafield tag="300" ind1=" " ind2=" ">
    <subfield code="a">126</subfield>
  </datafield>
  <datafield tag="600" ind1=" " ind2=" ">
    <subfield code="a">&#x930;&#x947;&#x917;&#x947; &#x921;&#x940; &#x921;&#x940; ( &#x91A;&#x93F;&#x924;&#x94D;&#x930;&#x915;&#x93E;&#x930; )</subfield>
  </datafield>
  <datafield tag="630" ind1=" " ind2=" ">
    <subfield code="a">&#x938;&#x902;&#x924;&#x936;&#x94D;&#x930;&#x947;&#x937;&#x94D;&#x920; &#x917;&#x94B;&#x935;&#x93F;&#x902;&#x926; ( &#x921;&#x949; &#x917;&#x94B;&#x935;&#x93F;&#x902;&#x926; &#x930;&#x93E;&#x92E;&#x91A;&#x902;&#x926;&#x94D;&#x930; &#x909;&#x92A;&#x933;&#x947;&#x915;&#x930; &#x92B;&#x932;&#x91F;&#x923; ) &#x91C;&#x940;&#x935;&#x928;&#x91A;&#x930;&#x93F;&#x924;&#x94D;&#x930; </subfield>
  </datafield>
  <datafield tag="700" ind1=" " ind2=" ">
    <subfield code="a">&#x930;&#x947;&#x917;&#x947; &#x921;&#x940; &#x921;&#x940; ( &#x91A;&#x93F;&#x924;&#x94D;&#x930;&#x915;&#x93E;&#x930; )</subfield>
  </datafield>
  <datafield tag="730" ind1=" " ind2=" ">
    <subfield code="a">&#x938;&#x902;&#x924;&#x936;&#x94D;&#x930;&#x947;&#x937;&#x94D;&#x920; &#x917;&#x94B;&#x935;&#x93F;&#x902;&#x926; ( &#x921;&#x949; &#x917;&#x94B;&#x935;&#x93F;&#x902;&#x926; &#x930;&#x93E;&#x92E;&#x91A;&#x902;&#x926;&#x94D;&#x930; &#x909;&#x92A;&#x933;&#x947;&#x915;&#x930; &#x92B;&#x932;&#x91F;&#x923; ) &#x91C;&#x940;&#x935;&#x928;&#x91A;&#x930;&#x93F;&#x924;&#x94D;&#x930; </subfield>
  </datafield>
  <datafield tag="942" ind1=" " ind2=" ">
    <subfield code="c">BOOK</subfield>
  </datafield>
  <datafield tag="999" ind1=" " ind2=" ">
    <subfield code="c">1354935</subfield>
    <subfield code="d">1354932</subfield>
  </datafield>
  <datafield tag="952" ind1=" " ind2=" ">
    <subfield code="0">0</subfield>
    <subfield code="1">0</subfield>
    <subfield code="4">0</subfield>
    <subfield code="7">0</subfield>
    <subfield code="a">PNVM</subfield>
    <subfield code="b">PNVM</subfield>
    <subfield code="d">2015-10-08</subfield>
    <subfield code="g">50.00</subfield>
    <subfield code="l">0</subfield>
    <subfield code="o">PNVM-124808</subfield>
    <subfield code="p">PNVM-124808</subfield>
    <subfield code="r">2015-12-02 00:00:00</subfield>
    <subfield code="v">50.00</subfield>
    <subfield code="w">2015-12-02</subfield>
    <subfield code="y">BOOK</subfield>
  </datafield>
</record>
